00780nam a22001577a 4500008004100000020001500041020001800056082001900074100002400093245008000117260002600197300003700223505026000260650007800520700002400598150213b xxu||||| |||| 00| 0 eng d a9800786090 a9789800786093 a779.092bR175f aMaría Elena Ramos aFotociudadbestet́ica urbana y lenguaje fotograf́icocMaría Elena Ramos aCaracasbCANTVc2002. a111 p.b ill. (some col.)c23 cm tCapitulo 1: La fotografia frente a la realidad tCapitulo 2: Percibir la ciudadtCapitulo 3: La ciudad como forma para la fotografia tCapitulo 4: Fragmento Urbano y Encuadre tCapitulo 5: Ciudad profunda tCapitulo 6: Ciudad altatNotas Bibliograficas  aFotografia- Venezuela- Caracas vFotografia CallejerazCaracas-Venezuela aMaría Elena Ramos